[Event "London Classic op 8th"]
[Site "London"]
[Date "2016.12.16"]
[Round "9"]
[White "Eames, Robert"]
[Black "O'Molloy, Eamonn"]
[Result "1-0"]
[WhiteElo "2187"]
[BlackElo "1942"]
[PlyCount "71"]
[EventDate "2016.12.09"]
[EventType "swiss"]
[EventRounds "9"]
[EventCountry "ENG"]
[SourceTitle "CBM 176 Extra"]
[Source "ChessBase"]
[SourceDate "2017.03.02"]
[SourceVersion "1"]
[SourceVersionDate "2017.03.02"]
[SourceQuality "1"]

1. e4 e5 2. Nf3 Nc6 3. Bb5 a6 4. Ba4 Nf6 5. 0-0 Be7 6. Re1 b5 7. Bb3 d6 8. c3 0-0 9. h3 Na5 10. Bc2 c5 11. d4 Qc7 12. d5 Bd7 13. Nbd2 Nb7 14. Nf1 Ne8 15. Ng3 g6 16. Nh2 Ng7 17. Ng4 Nd8 18. f4 exf4 19. Bxf4 f6 20. Nh6+ Kh8 21. h4 Nf7 22. h5 Ne5 23. hxg6 hxg6 24. Kf2 g5 25. Be3 Ng6 26. Rh1 Nh4 27. Ngf5 Bxf5 28. Nxf5 Kg8 29. Nxg7 Kxg7 30. Rxh4 gxh4 31. Qg4+ Kf7 32. Qh5+ Kg8 33. Qg6+ Kh8 34. Bh6 Rg8 35. Qh5 Bf8 36. e5 1-0

[Event "Melbourne Cup Weekend"]
[Site "Melbourne"]
[Date "2013.11.05"]
[Round "9"]
[White "Stojic, Dusan"]
[Black "O'Molloy, Eamonn"]
[Result "1-0"]
[WhiteElo "2239"]
[BlackElo "1926"]
[PlyCount "99"]
[EventDate "2013.11.01"]
[EventType "swiss"]
[EventRounds "9"]
[EventCountry "AUS"]
[SourceTitle "EXT 2014"]
[Source "ChessBase"]
[SourceDate "2013.11.20"]
[SourceVersion "1"]
[SourceVersionDate "2013.11.20"]
[SourceQuality "1"]

1. Nf3 Nf6 2. c4 e6 3. b3 d5 4. Bb2 Nbd7 5. g3 Be7 6. Bg2 0-0 7. 0-0 c6 8. d3 b6 9. e4 Bb7 10. Qe2 Rc8 11. Nbd2 Qc7 12. Rac1 Qb8 13. h4 dxe4 14. dxe4 e5 15. Rfd1 Rfe8 16. Nf1 Rcd8 17. Bh3 c5 18. N3d2 Bf8 19. Bg2 g6 20. Ne3 Bg7 21. Nd5 Nf8 22. Nf3 N6d7 23. h5 Ne6 24. Qd2 Nd4 25. b4 Ne6 26. a3 Qc8 27. Re1 Qb8 28. Kh2 Ndf8 29. Rcd1 Rc8 30. Rc1 Rcd8 31. Rh1 Qc8 32. Bh3 Qb8 33. Bg2 Rc8 34. Kg1 Ba6 35. b5 Bb7 36. Nh2 Nd4 37. hxg6 fxg6 38. Re1 Bxd5 39. exd5 Nf5 40. Ng4 Qc7 41. Kh2 Nd7 42. Bh3 Nd4 43. Kg2 Nf5 44. Ne3 Nd4 45. Bxd4 cxd4 46. Be6+ Kh8 47. Rxh7+ Kxh7 48. Rh1+ Bh6 49. Nf5 gxf5 50. Qxh6# 1-0

[Event "Melbourne Cup Weekend"]
[Site "Melbourne"]
[Date "2013.11.03"]
[Round "4"]
[White "O'Molloy, Eamonn"]
[Black "Solomon, Stephen J"]
[Result "0-1"]
[WhiteElo "1926"]
[BlackElo "2401"]
[PlyCount "76"]
[EventDate "2013.11.01"]
[EventType "swiss"]
[EventRounds "9"]
[EventCountry "AUS"]
[SourceTitle "EXT 2014"]
[Source "ChessBase"]
[SourceDate "2013.11.20"]
[SourceVersion "1"]
[SourceVersionDate "2013.11.20"]
[SourceQuality "1"]

1. d4 Nf6 2. Nf3 d5 3. c4 e6 4. Nc3 Be7 5. cxd5 exd5 6. Qc2 c6 7. Bg5 g6 8. e3 Bf5 9. Qb3 Qb6 10. Be2 Na6 11. 0-0 h6 12. Bh4 Qxb3 13. axb3 Nb4 14. Ne5 g5 15. Bg3 Bc2 16. Bd1 Bxd1 17. Rfxd1 Nh5 18. Nd3 Nxd3 19. Rxd3 Nxg3 20. hxg3 f5 21. Na4 Kd7 22. b4 Kd6 23. Rda3 a6 24. Nc5 Rab8 25. Nd3 Bf6 26. Kf1 Rhe8 27. Re1 Re7 28. Raa1 Rbe8 29. b3 h5 30. Red1 Rh8 31. Rdc1 Rh6 32. Rc5 h4 33. Rca5 hxg3 34. Kg1 gxf2+ 35. Kxf2 f4 36. Ne5 fxe3+ 37. Kxe3 Bxe5 38. dxe5+ Rxe5+ 0-1

[Event "Melbourne Cup Weekend"]
[Site "Melbourne"]
[Date "2013.11.02"]
[Round "2"]
[White "O'Molloy, Eamonn"]
[Black "Goldenberg, Igor"]
[Result "0-1"]
[WhiteElo "1926"]
[BlackElo "2375"]
[PlyCount "80"]
[EventDate "2013.11.01"]
[EventType "swiss"]
[EventRounds "9"]
[EventCountry "AUS"]
[SourceTitle "EXT 2014"]
[Source "ChessBase"]
[SourceDate "2013.11.20"]
[SourceVersion "1"]
[SourceVersionDate "2013.11.20"]
[SourceQuality "1"]

1. d4 Nf6 2. Nf3 e6 3. c3 b6 4. Bg5 Bb7 5. Nbd2 Be7 6. e3 0-0 7. Bd3 d6 8. 0-0 Nbd7 9. Qe2 h6 10. Bh4 c5 11. a3 a6 12. b4 cxd4 13. cxd4 Nd5 14. Bxe7 Qxe7 15. Rfc1 b5 16. Qd1 N7f6 17. Qb3 Nb6 18. e4 e5 19. dxe5 dxe5 20. Rc5 Nfd7 21. Rc7 Rab8 22. Rac1 Qd6 23. Qb1 Kh7 24. R7c3 Na4 25. Rc7 Ndb6 26. R7c5 Nd7 27. Rc7 Nab6 28. R7c3 Nf6 29. Nb3 Na4 30. Rc5 Nxc5 31. bxc5 Qe6 32. Na5 Rfc8 33. Nxb7 Rxb7 34. c6 Rxc6 35. Rxc6 Qxc6 36. Nxe5 Qc3 37. Nxf7 Rxf7 38. e5+ Kh8 39. exf6 Rxf6 40. a4 b4 0-1

[Event "Hampstead op U2200 03"]
[Site "Hampstead"]
[Date "2013.03.16"]
[Round "3"]
[White "Hung, Jake"]
[Black "O'Molloy, Eamonn"]
[Result "1/2-1/2"]
[WhiteElo "1659"]
[BlackElo "1943"]
[PlyCount "66"]
[EventDate "2013.03.16"]
[EventType "swiss"]
[EventRounds "5"]
[EventCountry "ENG"]
[SourceTitle "EXT 2014"]
[Source "ChessBase"]
[SourceDate "2013.11.20"]
[SourceVersion "1"]
[SourceVersionDate "2013.11.20"]
[SourceQuality "1"]

1. c4 e6 2. g3 Nf6 3. Bg2 d5 4. cxd5 exd5 5. d4 c6 6. Nc3 Be7 7. Nf3 Nbd7 8. 0-0 0-0 9. a3 Re8 10. Bf4 Nf8 11. b4 a6 12. Qb3 Qb6 13. Na4 Qd8 14. Nc3 Ne6 15. Bd2 Ne4 16. e3 Nxd2 17. Nxd2 Ng5 18. a4 Bh3 19. b5 Bxg2 20. Kxg2 Qd7 21. bxa6 Rxa6 22. Rfb1 Qh3+ 23. Kg1 Rb8 24. Qd1 c5 25. Nxd5 Rh6 26. Nxe7+ Kf8 27. Nf1 Kxe7 28. dxc5 Qf5 29. f4 Nh3+ 30. Kg2 Qe4+ 31. Qf3 Qc2+ 32. Kh1 Nf2+ 33. Kg1 Nh3+ 1/2-1/2

[Event "London Imperial College op"]
[Site "London"]
[Date "2013.02.03"]
[Round "5"]
[White "Maroroa, Sue Yuchan"]
[Black "O'Molloy, Eamonn"]
[Result "1-0"]
[WhiteElo "2055"]
[BlackElo "1940"]
[PlyCount "69"]
[EventDate "2013.02.01"]
[EventType "swiss"]
[EventRounds "5"]
[EventCountry "ENG"]
[SourceTitle "CBM 153 Extra"]
[Source "ChessBase"]
[SourceDate "2013.04.22"]
[SourceVersion "1"]
[SourceVersionDate "2013.04.22"]
[SourceQuality "1"]

1. e4 c6 2. d4 d5 3. exd5 cxd5 4. c4 Nf6 5. Nc3 Nc6 6. Bg5 Be6 7. c5 g6 8. Nge2 Ne4 9. Be3 Nxc3 10. bxc3 Bg7 11. Nf4 0-0 12. h4 Qd7 13. Be2 Rab8 14. h5 b6 15. cxb6 Rxb6 16. Qc1 Rc8 17. Qd2 Na5 18. hxg6 hxg6 19. Nxe6 Qxe6 20. Kf1 Rcb8 21. Re1 Rb2 22. Qc1 Qe4 23. f3 Qb1 24. Qxb1 Rxb1 25. Kf2 R1b2 26. Bf4 R8b7 27. a4 Rc2 28. Rc1 Rxc3 29. Rxc3 Bxd4+ 30. Re3 Rb3 31. Rd1 Bxe3+ 32. Bxe3 e6 33. Bd4 Kf8 34. Bf6 Ke8 35. Bb5+ 1-0

[Event "London Classic op 4th"]
[Site "London"]
[Date "2012.12.06"]
[Round "6"]
[White "Cannon, Richard James"]
[Black "O'Molloy, Eamonn"]
[Result "1-0"]
[WhiteElo "2071"]
[BlackElo "1926"]
[PlyCount "81"]
[EventDate "2012.12.01"]
[EventType "swiss"]
[EventRounds "9"]
[EventCountry "ENG"]
[SourceTitle "CBM 151 Extra"]
[Source "ChessBase"]
[SourceDate "2012.12.18"]
[SourceVersion "1"]
[SourceVersionDate "2012.12.18"]
[SourceQuality "1"]

1. e4 c6 2. Nc3 d5 3. Nf3 dxe4 4. Nxe4 Nf6 5. Nxf6+ exf6 6. Bc4 Bd6 7. h3 0-0 8. 0-0 Nd7 9. d4 Nb6 10. Bb3 Re8 11. c4 Bc7 12. Qd3 Be6 13. Rd1 Qe7 14. Bc2 g6 15. b3 Bf5 16. Qc3 Bxc2 17. Qxc2 Rad8 18. Bb2 Nd7 19. Qc3 Bf4 20. g3 Bh6 21. d5 c5 22. Re1 Qf8 23. Qa5 a6 24. Qc7 b5 25. Rxe8 Qxe8 26. Re1 Qf8 27. d6 Ne5 28. Nxe5 fxe5 29. Bxe5 f6 30. Bc3 b4 31. Ba1 Qxd6 32. Re8+ Rxe8 33. Qxd6 Re1+ 34. Kg2 Rxa1 35. Qd5+ Kg7 36. Qxc5 Rxa2 37. Qxb4 Kf7 38. Qb7+ Kg8 39. Qc8+ Kf7 40. Qd7+ Kg8 41. c5 1-0

[Event "London Classic op 4th"]
[Site "London"]
[Date "2012.12.03"]
[Round "3"]
[White "O'Molloy, Eamonn"]
[Black "Gates, David"]
[Result "1-0"]
[WhiteElo "1926"]
[BlackElo "1705"]
[PlyCount "87"]
[EventDate "2012.12.01"]
[EventType "swiss"]
[EventRounds "9"]
[EventCountry "ENG"]
[SourceTitle "CBM 151 Extra"]
[Source "ChessBase"]
[SourceDate "2012.12.18"]
[SourceVersion "1"]
[SourceVersionDate "2012.12.18"]
[SourceQuality "1"]

1. e4 c6 2. d4 d5 3. exd5 cxd5 4. Bd3 Nc6 5. c3 g6 6. Bf4 Nf6 7. Nf3 Bg7 8. 0-0 0-0 9. Nbd2 a6 10. a4 Nh5 11. Be3 f5 12. Nb3 e5 13. dxe5 Nxe5 14. Nxe5 Bxe5 15. Bd4 Bxd4 16. Nxd4 Nf4 17. Bc2 Qg5 18. Qf3 Re8 19. Rfe1 Bd7 20. Rad1 Bc6 21. Qg3 Qxg3 22. hxg3 Nh5 23. Bb3 Re4 24. Nxc6 bxc6 25. Rxe4 fxe4 26. Rxd5 Kf8 27. Rd2 Re8 28. Bd1 e3 29. Re2 exf2+ 30. Kxf2 Nf6 31. Rxe8+ Kxe8 32. a5 Nd5 33. Be2 Nc7 34. Ke3 Ke7 35. Kf4 Kf6 36. Bc4 g5+ 37. Ke4 h6 38. Kd4 Kf5 39. Be2 Ne6+ 40. Kc4 Ke4 41. Bf3+ Ke3 42. Bxc6 Kf2 43. b4 Kxg3 44. b5 1-0

[Event "Hampstead U2200 op 2nd"]
[Site "Hampstead"]
[Date "2012.11.25"]
[Round "5"]
[White "O'Molloy, Eamonn"]
[Black "Hayward, Alan"]
[Result "0-1"]
[WhiteElo "1938"]
[BlackElo "1947"]
[PlyCount "36"]
[EventDate "2012.11.24"]
[EventType "swiss"]
[EventRounds "5"]
[EventCountry "ENG"]
[SourceTitle "EXT 2019"]
[Source "ChessBase"]
[SourceDate "2018.10.10"]
[SourceVersion "1"]
[SourceVersionDate "2018.10.10"]
[SourceQuality "1"]

1. e4 d5 2. exd5 Nf6 3. Bb5+ Nbd7 4. Be2 Nxd5 5. d4 e5 6. c4 Bb4+ 7. Bd2 Bxd2+ 8. Qxd2 Nf4 9. Bf3 0-0 10. Ne2 Re8 11. 0-0 Nxe2+ 12. Bxe2 exd4 13. Rd1 c5 14. Bf3 Ne5 15. Bd5 Be6 16. Bxe6 Rxe6 17. b3 Qh4 18. h3 Nf3+ 0-1

[Event "Hampstead U2200 op 2nd"]
[Site "Hampstead"]
[Date "2012.11.24"]
[Round "2"]
[White "Atako, Chino"]
[Black "O'Molloy, Eamonn"]
[Result "1-0"]
[WhiteElo "2110"]
[BlackElo "1938"]
[PlyCount "117"]
[EventDate "2012.11.24"]
[EventType "swiss"]
[EventRounds "5"]
[EventCountry "ENG"]
[SourceTitle "EXT 2019"]
[Source "ChessBase"]
[SourceDate "2018.10.10"]
[SourceVersion "1"]
[SourceVersionDate "2018.10.10"]
[SourceQuality "1"]

1. e4 c6 2. d4 d5 3. e5 Bf5 4. Nf3 e6 5. Be2 Ne7 6. 0-0 h6 7. b3 Nd7 8. Nbd2 Bh7 9. c4 c5 10. Bb2 Rc8 11. Rc1 Qa5 12. a3 cxd4 13. Nxd4 Qd8 14. Nb5 Nc6 15. cxd5 exd5 16. Bg4 Bd3 17. Be2 Bxb5 18. Bxb5 Nc5 19. b4 Ne6 20. Qa4 Qb6 21. Rfd1 a6 22. Bf1 Be7 23. Nf3 Qd8 24. Bxa6 Qb6 25. Bf1 0-0 26. Rxd5 Ra8 27. Qd1 Rfd8 28. Rxd8+ Rxd8 29. Qc2 Rd7 30. Rd1 Qd8 31. Rxd7 Qxd7 32. Qd3 Qc7 33. Qc4 Qd7 34. Qd3 Qc7 35. Qe4 Qd7 36. Bd3 g6 37. g3 Ncd8 38. h4 Nf8 39. Kg2 Nde6 40. Nd4 Qd8 41. Nxe6 Nxe6 42. Bc1 Kg7 43. Qe3 h5 44. Be4 b5 45. f4 Nd4 46. Bb2 Ne6 47. Bc6 Qb8 48. Qd3 Qc8 49. Qe4 Qh8 50. Bxb5 Qb8 51. Be2 Qb6 52. Bf3 Qc7 53. Qc6 Qd8 54. Qd5 Qc8 55. Qd3 Bxh4 56. f5 gxf5 57. Qxf5 Bd8 58. Bxh5 Qc2+ 59. Qxc2 1-0

[Event "SCO-ch 119th"]
[Site "Glasgow"]
[Date "2012.07.14"]
[Round "8"]
[White "O'Molloy, Eamonn"]
[Black "Herbold, Manfred"]
[Result "1/2-1/2"]
[WhiteElo "1904"]
[BlackElo "2143"]
[PlyCount "101"]
[EventDate "2012.07.07"]
[EventType "swiss"]
[EventRounds "9"]
[EventCountry "SCO"]
[SourceTitle "EXT 2023"]
[Source "ChessBase"]
[SourceDate "2022.10.05"]
[SourceVersion "1"]
[SourceVersionDate "2022.10.05"]
[SourceQuality "1"]

1. e4 Nc6 2. Nf3 Nf6 3. Nc3 d5 4. exd5 Nxd5 5. Nxd5 Qxd5 6. d4 e5 7. dxe5 Qxd1+ 8. Kxd1 Bg4 9. Bd3 Bc5 10. Bf4 0-0-0 11. Ke1 Rhe8 12. Kf1 Bxf3 13. gxf3 Nxe5 14. Bxe5 Rxe5 15. Re1 Rde8 16. Rxe5 Rxe5 17. Rg1 g6 18. f4 Re6 19. f5 Rb6 20. fxg6 fxg6 21. b3 Rf6 22. Rg2 Rf4 23. Ke2 Kd7 24. f3 Rh4 25. Kf1 Bd6 26. Kg1 Ke6 27. Re2+ Kf6 28. Be4 b6 29. Rg2 Bf4 30. Re2 a5 31. a4 g5 32. Bd5 Be5 33. Be4 h5 34. Rg2 Rf4 35. Re2 Bd4+ 36. Kg2 Be5 37. h3 Bd6 38. Bd3 h4 39. Re4 Rxe4 40. Bxe4 Ke5 41. Kf2 Bc5+ 42. Ke2 Kf4 43. Bc6 Ke5 44. Bd7 Kd4 45. Bf5 Kc3 46. Bd3 Kb4 47. Bb5 Bd6 48. Kd3 Kc5 49. Bd7 Kd5 50. Bf5 Ke5 51. Bd7 1/2-1/2

[Event "SCO-ch 119th"]
[Site "Glasgow"]
[Date "2012.07.09"]
[Round "3"]
[White "Ruck, Robert"]
[Black "O'Molloy, Eamonn"]
[Result "1-0"]
[WhiteElo "2569"]
[BlackElo "1904"]
[PlyCount "71"]
[EventDate "2012.07.07"]
[EventType "swiss"]
[EventRounds "9"]
[EventCountry "SCO"]
[SourceTitle "CBM 149 Extra"]
[Source "ChessBase"]
[SourceDate "2012.08.24"]
[SourceVersion "1"]
[SourceVersionDate "2012.08.24"]
[SourceQuality "1"]

1. c4 e6 2. Nf3 d5 3. g3 Nf6 4. Bg2 c6 5. b3 Nbd7 6. 0-0 Be7 7. d4 0-0 8. Qc2 b6 9. Nbd2 Bb7 10. e4 Rc8 11. Bb2 Qc7 12. Rfe1 Qb8 13. Rad1 Qa8 14. Re2 a5 15. Ng5 h6 16. Nh3 Ba6 17. Nf4 Bb7 18. h4 Rfd8 19. Qb1 Bf8 20. e5 Ne8 21. Nf1 Nc7 22. Ne3 Be7 23. Red2 a4 24. Bc3 a3 25. Kh2 Nf8 26. Qd3 Na6 27. Qe2 Nb8 28. Qg4 Nbd7 29. Nh5 Ng6 30. f4 Ndf8 31. f5 exf5 32. Nxf5 Rc7 33. Nhxg7 Bc8 34. Qh5 Bxf5 35. Nxf5 Qc8 36. Nxh6+ 1-0

[Event "London Classic op"]
[Site "London"]
[Date "2011.12.07"]
[Round "5"]
[White "O'Molloy, Eamonn"]
[Black "Quinn, John M"]
[Result "1/2-1/2"]
[WhiteElo "1842"]
[BlackElo "2151"]
[PlyCount "96"]
[EventDate "2011.12.03"]
[EventType "swiss"]
[EventRounds "9"]
[EventCountry "ENG"]
[SourceTitle "CBM 145 Extra"]
[Source "ChessBase"]
[SourceDate "2012.01.03"]
[SourceVersion "1"]
[SourceVersionDate "2012.01.03"]
[SourceQuality "1"]

1. e4 c5 2. c3 d6 3. d4 Nf6 4. Bd3 g6 5. f3 Bg7 6. Be3 Nbd7 7. Ne2 a6 8. a4 Rb8 9. Na3 cxd4 10. cxd4 0-0 11. Qd2 e5 12. d5 Nc5 13. Qc2 Qa5+ 14. Nc3 Nxd3+ 15. Qxd3 b5 16. axb5 axb5 17. 0-0 b4 18. Nc4 Qd8 19. Na4 Ne8 20. Nab6 f5 21. Nxc8 Qxc8 22. Rfc1 Qd8 23. Ra6 fxe4 24. fxe4 Rb7 25. Rca1 Rbf7 26. Ra7 Rxa7 27. Rxa7 Qh4 28. Ra1 Bh6 29. Bxh6 Qxh6 30. g3 Qg5 31. Qd2 Qg4 32. Re1 Qf3 33. Qe2 Qf7 34. Qe3 Qc7 35. b3 Qf7 36. Kg2 Qf6 37. Nd2 Qd8 38. Nc4 Qa8 39. Re2 Qa1 40. Rf2 Rxf2+ 41. Qxf2 Qb1 42. Qf3 Kg7 43. g4 h6 44. h3 Qc2+ 45. Kg3 Qb1 46. Qe3 Qd1 47. Qa7+ Kg8 48. Qe3 Kg7 1/2-1/2